00510 2200193 4500001002100000005001500021035002000036007000300056008004100059020002200100082001000122084001600132100001800148245006000166260003700226300002500263650001200288990001600300INLIS00000000000061120181025034303 a0010-1018000056ta181025 g 0 ind  a978-602-1547-14-4 a616.9 a616.9 ARI m0 aAris Santjaka1 aMalaria :bpendekatan model kausalitas /cAris Santjaka aYogyakarta :bNuha Medika,c2013 aviii,160 p. ;c21 cm aMalaria a00000002464